000 00742nam a2200253 a 4500
008
020 _a0521339480 (pbk.)
049 _aMAIN
090 _aQH211
100 1 _aSlayter, Elizabeth M.
245 1 0 _aLight and electron microscopy /
_cElizabeth M. Slayter and Henry S. Slayter.
260 _aNew York :
_bCambridge University Press,
_c1992.
300 _axvi, 312 p. :
_bill. ;
_c24 cm.
500 _aIncludes index.
650 0 _aMicroscopy.
650 0 _aCompound microscopes.
650 0 _aElectron microscopy.
700 1 _aSlayter, Henry S.
907 _a.b10004993
_b05-09-05
_c17-04-03
003
005 20230123134018.0
040 _cNUST
942 _cBOOKS
_kQH211
999 _c158508
_d158508